000 00726nam a2200229 i 4500
001 142468
003 ES-MaACL
005 20260214172106.0
007 t|
008 071005s1965 sp ||||1| spa d
080 _a582.3/.9
100 1 _aWit, H. C. D. de.
_9117160
245 1 0 _aPlantas superiores.
_n1 /
_cH.C.D. de Wit ; tradución de Felipe Lorda Alaiz.
260 _aBarcelona :
_bSeix Barral,
_c1965.
300 _a383 p., 60 lám. col. :
_bil. ;
_c29 cm.
490 1 _aEl mundo de la naturaleza
650 7 _aPlantas
_2embne
_9146656
700 1 _aLorda Alaiz, F. M.,
_d1918-1992
_974084
830 1 _aEl mundo de la naturaleza
_9181711
852 4 _aES-MaACL
_jP-363 ter
999 _c142468
_d142468